00924nam 22002411 4500001000800000005001700008008004100025035002100066906004500087010001700132040001800149050002100167082001000188100003900198245012000237250008200357260005600439300005800495650002500553650002900578991004500607099003000652169304119760622000000.0760422s1955 enkacgh bd 000 0 eng  9(DLC) 55014499 a7bcbccorignewdueocipf19gy-gencatlg a 55014499  aDLCcDLCdDLC00aML100b.S37 195500a780.31 aScholes, Percy Alfred,d1877-1958.14aThe Oxford companion to music,bself-indexed and with a pronouncing glossary and over 1,100 portraits and pictures. a9th ed., completely rev. and reset and with many additions to text and illus. aLondon,aNew York,bOxford University Press,c1955. alx, 1195 p.billus., ports., facsims., music.c25 cm. 0aMusicxDictionaries. 0aMusicxBio-bibliography. bc-MusichML100i.S37 1955tCopy 1wBOOKS ascholes-oxford-1071950342